书目信息 |
| 书名: | An agricultural typology of California | |
| 作者: | Howard F. Gregor | |
| 分册号: | ||
| 分册名: | 出版地: | Budapest : |
|
| 出版社: | Akadémiai Kiadó | |
| 出版时间: | 1974. | |
| 页数: | 106, [1] p. : | |
| 开本: | 25 cm. | |
| 丛书名: | Geography of world agriculture | |
| 中图分类号: | ||
| 科图分类号: | ||
| 其他分类号: | F319.9 | |
| 主题词: | ||
| 电子资源: | ||
| 000 | 00933nam 2200301 a 4500 | |
| 001 | E0729425950 | |
| 005 | 20070228081125.14 | |
| 008 | uu | |
| 008 | 00010 eng | |
| 010 | @a75311527 | |
| 020 | @a9630501740. | |
| 043 | @an-us-ca | |
| 049 | @aN5LA | |
| 050 | 0 | @aS451.C2 @bG73 |
| 082 | @a630/.9794 | |
| 090 | @a2/F371.27/GHF/////////386659 | |
| 090 | @aF319.9 | |
| 096 | @aF371.27 @v2 | |
| 099 | @dF319.9@ex1:4 | |
| 100 | 10 | @aGregor, Howard F. |
| 245 | 13 | @aAn agricultural typology of California / @cHoward F. Gregor |
| 260 | 0 | @aBudapest :@bAkadémiai Kiadó,@c1974. |
| 300 | @a106, [1] p. :@bill. ;@c25 cm. | |
| 440 | 0 | @aGeography of world agriculture ; @v4 |
| 504 | @aBibliography: p. 105-[107] | |
| 650 | 0 | @aAgriculture @zCalifornia. |
| 650 | 0 | @aAgricultural geography @zCalifornia. @b00 @c20020930 @lNLC09 @h2247 @lNLC09 @h2310 @lNLC09 @h1901 |
| 852 | 9 | @bWWJC @cJ08S @k2 @hF371.27 @iGHF |
| An agricultural typology of California / / Howard F. Gregor.-Budapest : : Akadémiai Kiadó, , 1974. |
| 106, [1] p. : : ill. ; ; 25 cm.- (Geography of world agriculture ; 4 ) |
| Bibliography: p. 105-[107] |
| ISBN 9630501740. |
| ● |
| 相关链接 |
|
|
|
|
正题名:agricultural typology of California
索取号:F319.9/x1:4
 
预约/预借
| 序号 | 登录号 | 条形码 | 馆藏地/架位号 | 状态 | 备注 |
| 1 | 183251 | 001171145 | 第二样本阅览室/ [索取号:F319.9/x1:4] | 在馆 | |
| 2 | 183252 | 001171118 | 第四借阅区/ [索取号:F319.9/x1:4] | 在馆 |